000 00791nam a22002177a 4500
008 081128t xxu||||| |||| 00| 0 eng d
010 _aENG-93012
020 _c135.00
_a9788189840464
035 _aEN-76545
037 _bDBAD / PUB
040 _adpl
_bEnglish
082 _a001.422
100 _aMohan Prabhu, S.
245 _aElements of statistics /
_cby S. Mohan Prabhu
260 _bPallavi Pathippagam S. india
_c2008
_aErode
270 _a194, Kanna Complex, Mettur Road,
_bErode
_e11
300 _a128p.
_c24cm (pbk)
650 _aStatistics.
942 _2ddc
_cEN
_mMOH
_h001.422
999 _c24065
_d24065